Doce cuentos peregrinos / (Registro nro. 9006)
[ vista simple ]
| 000 -LIDER | |
|---|---|
| fixed length control field | 01023nam a22002177a 4500 |
| 001 - NÚMERO DE CONTROL | |
| Identificador de número de control | 00260 |
| 003 - IDENTIFICACDOR DE NÚMERO DE CONTROL | |
| control field | DO-SdBNP |
| 005 - DATE AND TIME OF LATEST TRANSACTION | |
| control field | 20231027124004.0 |
| 008 - ELEMENTOS DE LONGITUD FIJA | |
| fixed length control field | 151204b 1992 ck xxu||||| |||| 00| 0 spa d |
| 020 ## - ISBN | |
| International Standard Book Number | 9580600074 |
| 040 ## - FUENTE DE CATALOGACIÓN | |
| Agencia que crea de manera original el registro | BPMSU |
| Idioma de catalogación | spa |
| Agencia que realiza la transcripción | BPMSU |
| 092 ## - LOCALLY ASSIGNED DEWEY DECIMAL CALL NUMBER | |
| Número de clasificación | xxxx |
| Número de ítem (Cutter) | xxxx |
| 100 1# - ASIENTO PRINCIPAL -- NOMBRE PERSONAL | |
| Nombre personal | García Márquez, Gabriel |
| 245 ## - MENCIÓN DE TITULO | |
| Título | Doce cuentos peregrinos / |
| Mención de responsabilidad | Gabriel García Márquez. |
| 260 ## - PUBLICACIÓN, DISTRIBUCIÓN, ETC. (PIE DE IMPRENTA) | |
| Lugar de publicación, distribución, etc | Bogotá, Colombia : |
| Nombre del editor, distribuidor, etc. | Oveja Negra, |
| Fecha de publicación, distribución, etc | 1992. |
| 300 ## - DESCRIPCIÓN FÍSICA | |
| Extensión | 226 p. ; |
| Dimensiones | 22 cm. |
| 505 ## - NOTA DE CONTENIDO | |
| Título | Prólogo : por qué doce, por qué cuentos y por qué peregrinos --<br/>Buen viaje, señor presidente --<br/>La santa --<br/>El avión de la bella durmiente --<br/>Me alquilo para soñar --<br/>"Sólo vine a hablar por teléfono" --<br/>Espantos de agosto --<br/>María dos Prazeres --<br/>Diecisiete ingleses envenenados --<br/>Tramontana --<br/>El verano feliz de la señora Forbes --<br/>La luz es como el agua --<br/>El rastro de tu sangre en la nieve. |
| 942 ## - ADDED ENTRY ELEMENTS (KOHA) | |
| Source of classification or shelving scheme | Dewey Decimal Classification |
| Koha item type | Libros |
| 945 ## - INFORMACIÓN DE PROCESAMIENTO LOCAL | |
| Información de procesamiento local | Inventariado extranjero / 2018 VM |
| 956 ## - LOCAL ELECTRONIC LOCATION AND ACCESS (OCLC) | |
| Nombre de host | Lorenza Pérez |
| Número de acceso | 10 |
| Withdrawn status | Lost status | Source of classification or shelving scheme | Damaged status | Not for loan | Collection code | Home library | Current library | Date acquired | Source of acquisition | Total Checkouts | Full call number | Barcode | Date last seen | Price effective from | Koha item type |
|---|---|---|---|---|---|---|---|---|---|---|---|---|---|---|---|
| Dewey Decimal Classification | Colección General | Biblioteca Pública Metropolitana Salomé Ureña | Biblioteca Pública Metropolitana Salomé Ureña | 12/04/2015 | Donación | BPMSU CG Co863.44 G216d 1992 | BPMSU15120040 | 12/04/2015 | 12/04/2015 | Libros |